Nazioni vincitrici della Copa América - Statistics

Statistiche generali
  • Questo quiz è stato fatto 62 volte
  • Il punteggio medio è 47 su 48
Statistiche sulle risposte
Anno Nazionale % Corretto
1921 Argentina
100%
1925 Argentina
100%
1927 Argentina
100%
1929 Argentina
100%
1937 Argentina
100%
1941 Argentina
100%
1945 Argentina
100%
1946 Argentina
100%
1947 Argentina
100%
1955 Argentina
100%
1957 Argentina
100%
1959 Argentina
100%
1991 Argentina
100%
1993 Argentina
100%
2021 Argentina
100%
2024 Argentina
100%
1919 Brasile
100%
1922 Brasile
100%
1949 Brasile
100%
1989 Brasile
100%
1997 Brasile
100%
1999 Brasile
100%
2004 Brasile
100%
2007 Brasile
100%
2019 Brasile
100%
2001 Colombia
100%
1916 Uruguay
100%
1917 Uruguay
100%
1920 Uruguay
100%
1923 Uruguay
100%
1924 Uruguay
100%
1926 Uruguay
100%
1935 Uruguay
100%
1942 Uruguay
100%
1956 Uruguay
100%
1959 Uruguay
100%
1967 Uruguay
100%
1983 Uruguay
100%
1987 Uruguay
100%
1995 Uruguay
100%
2011 Uruguay
100%
2015 Cile
96%
2016 Cile
96%
1953 Paraguay
93%
1979 Paraguay
93%
1939 Perù
89%
1975 Perù
89%
1963 Bolivia
88%
Nessun quiz corrispondente trovato
Distribuzione punteggi
Percentuale di utenti per punteggio
Percentile per numero di risposta
I tuoi punteggi nel tempo
Non hai fatto questo quiz